000 00500ntaaa2200181 4500
003 01
005 20251027201002.0
008 0714s1973 ag 01
040 _aAR-BaBN
_bspa
_cAR-BaBN
_eaacr
_dRIC
082 _a230.091 P19c
100 _aPannenberg, Wolfhart
_93927
245 _aCuestiones fundamentales de teología sistemática /
_cWolfhart Pannenberg
250 _a1 ed.
260 _aSalamanca :
_bSígueme,
_c1976
300 _a351 p.
650 _aTeologia Contemporanea
_91414
942 _cBK
999 _c3870
_d3870